000 00337nam a22001457a 4500
020 _a81-89999-40-0
082 _a823
_bPAI/I
100 _aPAI, ANANT
245 _aTHE INIMIMITABLE BIRBAL
260 _aMUMBAI
_bAMAR CHITHA KATHA
300 _a32
520 _aENGLISH SHORT STORY
650 _aENGLISH SHORT STORY
_zMUMBAI
942 _cBK
999 _c5308
_d5308